<?xml version="1.0" encoding="UTF-8"?>
<record
    xmlns:xsi="http://www.w3.org/2001/XMLSchema-instance"
    xsi:schemaLocation="http://www.loc.gov/MARC21/slim http://www.loc.gov/standards/marcxml/schema/MARC21slim.xsd"
    xmlns="http://www.loc.gov/MARC21/slim">

  <leader>00524nam a2200109Ia 4500</leader>
  <controlfield tag="003">GCL</controlfield>
  <controlfield tag="008">140319s9999    xx            000 0 ara d</controlfield>
  <datafield tag="040" ind1=" " ind2=" ">
    <subfield code="a">GCL / </subfield>
    <subfield code="c">GCL</subfield>
  </datafield>
  <datafield tag="082" ind1="0" ind2="4">
    <subfield code="a">&#x649;p t t t t t t t t t</subfield>
  </datafield>
  <datafield tag="245" ind1="1" ind2="0">
    <subfield code="a">t t t t t t t t t t t t t t t t t t t t&#x627;t&#x644;t&#x623;t&#x631;t&#x628;t&#x639;t&#x627;t&#x621;t,t t8t t&#x64A;t&#x648;t&#x644;t&#x64A;t&#x647;t t1t9t9t8t t t t t t t&#x646;q&#x638;q&#x640;q&#x627;q&#x645;q q&#x645;q&#x639;q&#x644;q&#x648;q&#x645;q&#x640;q&#x627;q&#x62A;q q&#x627;q&#x644;q&#x645;q&#x643;q&#x62A;q&#x628;q&#x640;q&#x629;q t t t t t t t t t t t t t t t t t t t t t1t0t:t1t2t:t1t3t t t t t t t t t t t t t t t t t t t t t t t t t t t t</subfield>
  </datafield>
  <datafield tag="300" ind1=" " ind2=" ">
    <subfield code="a">t t t t t t t</subfield>
  </datafield>
  <datafield tag="999" ind1=" " ind2=" ">
    <subfield code="c">25928</subfield>
    <subfield code="d">25928</subfield>
  </datafield>
  <datafield tag="952" ind1=" " ind2=" ">
    <subfield code="0">0</subfield>
    <subfield code="1">0</subfield>
    <subfield code="4">0</subfield>
    <subfield code="7">0</subfield>
    <subfield code="a">CAI</subfield>
    <subfield code="b">CAI</subfield>
    <subfield code="d">2014-03-26</subfield>
    <subfield code="l">0</subfield>
    <subfield code="o">&#x649;p t t t t t t t t t</subfield>
    <subfield code="p">52438</subfield>
    <subfield code="r">2014-03-26 00:00:00</subfield>
    <subfield code="w">2014-03-26</subfield>
    <subfield code="y">BK</subfield>
  </datafield>
</record>
